Житие святителя Митрофана, епископа Воронежского

RUSMARC
00004804cac2a2200000 x 450
0017373b155-1212-4f26-bf86-3e3ba3e8ea53
00520160421142856.0
100##$a20160216l19121912k l0rusy0189 ca
1010#$arus
102##$aRU
2001#$aЖитие святителя Митрофана, епископа Воронежского
251##$cДело
2101#$aМосква
$cТипография Товарищества И. Д. Сытина
$d1912
801#0$aRU
$bРГИА
$c20160216
$gRCR
801#1$aRU
$bГлавНИВЦ
$c20160216
$2rusmarc
801#2$aRU
$bПБ им. Б.Н. Ельцина
$c20160328
$gRCR
$2rusmarc
850##$aРГИА
852##$aРГИА
$eФедеральное казенное учреждение "Российский государственный исторический архив" (РГИА)
$j5126
937##$hРГИА
$d12201211
$aASBIBLIO_SCAN
215##$a33 с.
$cил.
$d17,5х12 см
105##$aa###
1222#$ad
461#0$10012640edd5-2044-417d-b282-4ec02c959e00
$12001
$aДублетный фонд НСБ
$1251
$cФонд
$1852
$j0
462#0$100101f3c915-c163-4bd9-8823-fd1c871481a4
$12001
$aДублетный фонд Библиотеки
$vД. 5126
$1251
$cОпись
$1852
$j1
$lД
035##$a7373b155-1212-4f26-bf86-3e3ba3e8ea53
600#0$2nlr_sh
$3RU\NLR\AUTH\661336184
$aМитрофан
$cепископ Воронежский
$f1623 - 1703
605##$2acquisition_Prlib
$3DITM\AF\0000003834
$aНарод
$lколлекция
605##$2acquisition_prlib
$3LIBNET\UAF\0000061920
$aСинод в истории российской государственности
$lколлекция
6061#$2nlr_sh
$3RU\NLR\AUTH\66538
$aЖития святых русские
686##$2rubbk
$a86.372.24-3,8
$vLBC/M
686##$2rubbk
$a86.372.24-574.3
$vLBC/M
8564#$uhttp://www.prlib.ru/Lib/pages/item.aspx?itemid=137634
Формат отображения